书目信息 |
| 题名: |
关于马克思恩格斯历史唯物主义部分书信的解说
|
|
| 作者: | 中共河北省宣传部理论研究室 | |
| 分册: | ||
| 出版信息: | 石家庄 河北人民出版社 1979.06 |
|
| 页数: | 164 | |
| 开本: | 32 | |
| 丛书名: | ||
| 单 册: | ||
| 中图分类: | B0 | |
| 科图分类: | ||
| 主题词: | ||
| 电子资源: | ||
| ISBN: | ||
| 000 | 00561nam0 2200169 45 | |
| 001 | 0181024037 | |
| 005 | 20060731165357.62 | |
| 010 | @dCNY0.35 | |
| 100 | @a20810111d km y0chiy0120 ea | |
| 101 | 0 | @achi |
| 200 | 1 | @AGUAN YU MA KE SI EN GE SI LI SHI WEI WU ZHU YI BU FEN SHU XI@FZHONG GONG HE BEI SHENG XUAN C@a关于马克思恩格斯历史唯物主义部分书信的解说@f中共河北省宣传部理论研究室 |
| 210 | @a石家庄@c河北人民出版社@d1979.06 | |
| 215 | @a164@c无图表@d32 | |
| 690 | @aB0 | |
| 701 | 0 | @a中共河北省宣传部理论研究室 |
| 801 | @aCN@bTSTC@c20060731 | |
| 905 | @dB0@e182@f2 | |
| 关于马克思恩格斯历史唯物主义部分书信的解说/中共河北省宣传部理论研究室.-石家庄:河北人民出版社,1979.06 |
| 164:无图表;32 |
| ISBN :CNY0.35 |
| ● |
| 相关链接 |
|
|
|
|
正题名:关于马克思恩格斯历史唯物主义部分书信的解说
索取号:B0/182
 
预约/预借
| 序号 | 登录号 | 条形码 | 馆藏地/架位号 | 状态 | 备注 |
| 1 | 0439972 | 204399720 | 密集书库/ [索取号:B0/182] | 在馆 |